El canto de los muertos /

Pierre Reverdy (1889-1960), poeta francés, amigo de Picasso, Braque, Juan Gris, Max Jacob y Apollinaire. Creador de la revista Nord-sud (1917). Después de su conversión al catolicismo en 1926, se retiró a la abadía de Solesme, dónde continuó escribiendo hasta su muerte en 1960. Entre sus obras se cu...

Ful tanımlama

Kaydedildi:
Detaylı Bibliyografya
Yazar: Reverdy, Pierre (autor)
Diğer Yazarlar: Esquinca, Jorge (traducción) (traducción), Palomar, María (traducción) (traducción)
Materyal Türü: Kitap
Dil:İspanyolca
Baskı/Yayın Bilgisi: México : UNAM, Coordinación de Humanidades, 1992, c1992
Seri Bilgileri:(Poemas y Ensayos. Nueva Epoca)
Konular:
Etiketler: Etiketle
Etiket eklenmemiş, İlk siz ekleyin!

MARC

LEADER 00000nam^a2200000^a^4500
001 000184820
005 20250521000000.0
009 20260310102130.233
020 |a 968-36-1988-6 
037 |a Acervo ITESO - Biblioteca 
041 |a ESP 
082 |a 841.  |b REV 
100 |a Reverdy, Pierre  |e (autor) 
245 1 3 |a El canto de los muertos /  |c P. Reverdy ; tr. por J. Esquinca, M. Palomar. 
264 4 |a México :  |b UNAM, Coordinación de Humanidades,  |c 1992, c1992 
300 |a 75 p. 
336 |a texto  |b txt  |2 rdacontenido 
337 |a sin mediación  |b n  |2 rdamedio 
338 |a volumen  |b nc  |2 rdasoporte 
440 1 |a (Poemas y Ensayos.  |p Nueva Epoca) 
520 |a Pierre Reverdy (1889-1960), poeta francés, amigo de Picasso, Braque, Juan Gris, Max Jacob y Apollinaire. Creador de la revista Nord-sud (1917). Después de su conversión al catolicismo en 1926, se retiró a la abadía de Solesme, dónde continuó escribiendo hasta su muerte en 1960. Entre sus obras se cuentan: La lucarne ovale (1907), Les ardoises du toît (1918), Le voleur de talan (1917), Ferraille (1937) y El canto de los muertos (1946). El ciclo de poemas contenido en El canto de los muertos fue escrito a lo largo de cuatro años, al término de la Segunda Guerra Mundial; su edición original fue acompañada por 125 litografías de Pablo Picasso. 
649 |a XX 
650 |a Poesía Francesa 
650 |a Literatura Francesa -  |y Siglo XX 
650 |a Guerra Mundial (Segunda), 1939-1945 en la Literatura 
740 0 |a Arena movediza /  |c P. Reverdy ; tr. por J. Esquinca, M. Palomar. 
700 |a Esquinca, Jorge  |e (traducción) 
700 |a Palomar, María  |e (traducción) 
910 |a Fondo General 
920 |a Impresos - Libros 
930 |a Colección General 
940 |a Literatura 
905 |a 101 
901 |a 0500125988  |b IT1  |c LIT  |u 20250521 
902 |a https://opac.biblio.iteso.mx/vufind/Record/000184820